| 000 | 00504nam a2200181Ia 4500 | ||
|---|---|---|---|
| 003 | GCL | ||
| 008 | 140319s9999 xx 000 0 eng d | ||
| 040 |
_aGCL / _cGCL |
||
| 082 | 0 | 4 |
_a610 _bE M |
| 100 | 1 | _aEPSTEIN, R.J | |
| 245 | 1 | 0 |
_aMEDICINE FOR EXAMINATIONS: A STREAMLINED APPROACH TO REVISION / _cEPSTEIN, R.J |
| 260 |
_a[S.N] : _bCHURCHILL LIVINGSTONE ، _c1990 |
||
| 300 | _a341 | ||
| 490 |
_aINTERNATIONAL STUDENT EDITION _v0 |
||
| 650 | 0 | 4 | _aPHYSICIANS |
| 650 | 0 | 4 | _aMEDICINE |
| 942 |
_2ddc _cBK |
||
| 999 |
_c20453 _d20453 |
||